Renovating for Living. Wohnräume neu Schaffen

Guardado en:
Detalles Bibliográficos
Formato: Libro
Lenguaje:inglés
alemán
Publicado: Barcelona : LOFT Publications, 2008
Materias:
Etiquetas: Agregar Etiqueta
Sin Etiquetas, Sea el primero en etiquetar este registro!

MARC

LEADER 00000nam a22000003a 4500
001 stu242815
005 20141123110319.9
008 120202s2008------------------------eng-d
020 |a 978-84-96936-87-4 
040 |a STU  |b slo 
041 0 |a eng  |a ger 
245 |a Renovating for Living. Wohnräume neu Schaffen 
260 |a Barcelona :  |b LOFT Publications,  |c 2008 
300 |a 239 s 
650 7 |a bytové domy  |2 stusub 
650 7 |a bývanie  |2 stusub 
996 |b 284AU05095  |c A*7825 U  |l AAKNAR  |s A  |a 24  |w stu242815_0001 
996 |b 284AU05144  |c A*7874  |l AA5150  |s P  |a 0  |w stu242815_0002 
996 |b 284V032437  |c V*51592/O-23056  |l VVT  |s A  |a 24  |w stu242815_0003